Statistiques concernant Membres d'un groupe 2

Cliquez ici pour prendre le quiz!

Statistiques générales

  • Ce quiz a été pris 33 fois
  • Le résultat moyen est 9 sur 31

Statistiques - réponses

HintRéponse% Correct
Lotus, Cadillac;
Bentley, Jeep...
Marques de voitures
79%
Rhode Island, Nebraska,
Vermont, Ohio
Etats des USA
72%
Perse, Ottoman,
Austro-hongrois, Inca...
Empires
66%
Chez les Soviets, L'Oreille Cassée,
Vol 714 pour Sydney, Le Crabe aux pinces d'or...
Albums de Tintin
55%
Attention à la marche, Pyramide,
Le Maillon faible, Slam...
Jeux TV
55%
Bastet, Thot,
Horus, Amon
Dieux égyptiens
52%
Carmin, Vermillon,
Cramoisi, Bordeaux...
Nuances de rouge
48%
Lite, i,
iXL, 3D...
Consoles Nintendo DS
45%
Lire, Baht,
Real, Rouble...
Monnaies
45%
Sikkhisme, Taoisme,
Tantrisme, Chiisme...
Religions
45%
La soupe aux choux, Les grandes vacances,
Hibernatus, Les aventures de Rabbi Jacob...
Films de Louis de Funès
41%
Geriatrie, Endocrinologie,
Dermatologie, Pneumologie...
Spécialités médicales
38%
Phobos, Io,
Lune, Titan...
Satellites de planètes
31%
Triptoleme, Dopamine,
Progesterone, Ocytocine...
Hormones
28%
Dragon noir aux yeux rouges, Magicien du temps,
Kuriboh, Exodia le maudit...
Monstres du duel de monstres (Yu-Gi-Oh!)
28%
Le vent se lève, Kiki la petite sorcière,
Princesse Mononoké, Souvenirs de Marnie...
Films du studio Ghibli
24%
Pulli, Shitzu,
Akita Inu, Malamute d'Alaska...
Races de chiens
24%
Serpent, Chien,
Rat, Cochon...
Signes du zodiaque chinois
24%
Kokiris, Gerudos,
Sheikas, Sonaus...
Peuples de Zelda
17%
SOS Numérobis, Menhir Express,
L'Oxygénarium, Le Vol d'Icare...
Attractions du Parc Astérix
14%
Strong World, Gold,
L'ile du Baron Omatsuri, Z...
Films One Piece
14%
IIda, Kaminari,
Tsuyu, Ochaco...
Elèves de la seconde A de Yuei (My Hero Academia)
10%
Crète, Syrie,
Gaule cisalpine, Sicile...
Provinces de l'Empire romain
10%
Fort Vanitas, Bonaugure,
Larousse City, Alto Mare...
Villes de Pokémon
10%
Tremblement, Humain,
Résurrection, Eclosion...
Fruits du démon (One Piece)
7%
Hibou, Genou,
Chou, Caillou...
Les mots en ou qui prennent un x au pluriel
7%
Porky, Lola,
Mémé, Taz...
Looney Toons
7%
Daki, Hantengu,
Doma, Gyokko...
Lunes supérieures (Demon Slayer)
7%
Lauren, Jennifer,
Georges, Einstein...
Personnages de Retour vers le futur
7%
Salut l'ami adieu le trésor, On l'appelle Trinita,
Cul et chemise, Deux super flics à Miami...
Films de Terence Hill et Bud Spencer
3%
A la recherche de l'Epee de Lumière, Venise en péril,
Les Dernières Heures du Titanic, Panique à Pompéi...
Livres de la série "La cabane magique"
3%

Distribution des résultats

Percentile par nombre de réponses

% des personnes avec chaque résultat

Votre développement - résultats

Vous n’avez pas pris ce quiz